|
|
|
|
| LEADER |
00000nab a2200000 a 4500 |
| 001 |
vtls000870730 |
| 003 |
SK-MaSNL |
| 005 |
20260318122219.0 |
| 008 |
040806c2004 xo 0 hun |
| 015 |
|
|
|a SNBRB2004/04-13356
|
| 035 |
|
|
|a CLN000222282
|
| 040 |
|
|
|a SNKBUCL
|b slo
|c SNKBUCL
|e AACR2
|
| 041 |
0 |
|
|a slo
|
| 044 |
|
|
|a xo
|c SK
|
| 080 |
|
|
|a 75.071.1:061.4
|2 1997
|
| 100 |
1 |
|
|a Vrabec, Mária,
|d 1970-
|4 ain
|9 102331
|
| 245 |
1 |
0 |
|a A festészet rafinált könnyedsége
|b negyedmillióan látták a Monet és barátai című kiállítást
|c Vrabec Mária, Gaskó Judit
|
| 300 |
|
|
|b Fotogr.
|
| 600 |
1 |
7 |
|a Monet, Claude,
|d 1840-1926
|2 snkbucl
|9 68880
|
| 610 |
2 |
7 |
|a Szépművészeti Múzeum (Budapešť, Maďarsko)
|2 snkbucl
|9 113001
|
| 611 |
2 |
7 |
|a Monet és barátai
|g výstava
|d (2004 :
|c Budapešť, Maďarsko)
|2 snkbucl
|9 1594594
|
| 700 |
1 |
|
|a Gaskó, Judit
|4 aut
|4 uin
|9 1594595
|
| 773 |
0 |
|
|t Vasárnap
|g Roč. 37, č. 13 (2004), s. 18-19
|
| 850 |
|
|
|a Slovenská národná knižnica v Martine
|
| 852 |
|
|
|a SNK
|b KIS3GCP
|
| 958 |
|
|
|a HU
|
| 958 |
|
|
|a FR
|
| 999 |
|
|
|c 3276093
|d 3278023
|